Geography Quiz

Random Geography or Blitz Quiz

Mapless North American Capitals Armageddon! Quiz Stats

 Plays Quiz Updated May 7, 2019

Score 0/23 Timer 00:30
71 Plays Today
% Correct
Washington, D.C.
91%
Mexico City
78.1%
Ottawa
76.6%
San Salvador
62.6%
Tegucigalpa
62.6%
Belmopan
56.9%
Guatemala City
56.9%
Havana
54.4%
Port-au-Prince
54%
Managua
53%
Kingston
49.8%
Panama City
46.2%
% Correct
Castries
45.7%
Kingstown
45.6%
Roseau
43.2%
St George's
42%
Bridgetown
41.9%
Port of Spain
38.6%
Basseterre
37.6%
St John's
37.6%
San José
37.5%
Santo Domingo
29.4%
Nassau
24.6%

You're not logged in!

Compare scores with friends on all Sporcle quizzes.
OR
Log In

Sporcle TV

Today on Sporcle TV


Watch our educational content, quiz creation guides, and fun videos on Sporcle TV.

Show Comments

Extras

Top Quizzes Today


Score Distribution

Your Account Isn't Verified!

In order to create a playlist on Sporcle, you need to verify the email address you used during registration. Go to your Sporcle Settings to finish the process.

Report this User

Report this user for behavior that violates our Community Guidelines.

Details: